000 00876nam a22002417a 4500
001 21442
003 UA-OsUOA
005 20230919095122.0
007 ta
008 20031203b un ||||| |||| 00| 0 ukr d
020 _a966-7293-38-6
040 _aUA-OsUOA
_bukr
_cUA-OsUOA
_dUA-OsUOA
041 _aukr
044 _aUA
080 _a338(477)
090 _a338(477)
_bР68
245 _aРозміщення продуктивних сил
_bпідручник
_cВ. В. Ковалевського, О. Л. Михайлюка, В. Ф.Семеноваа
260 _aК.
_bЗнання
_c1998
300 _a546 с.
650 7 _a338 Економічне становище. Економічна політика. Управління в економії Планування в економіці. Виробництво. Послу
_2UDC
942 _cBK
_2udc
955 _a2
999 _c307640
_d307640